| 000 | 00465nam a2200157 i 4500 | ||
|---|---|---|---|
| 001 | 95726 | ||
| 003 | ES-MaACL | ||
| 005 | 20230906181748.0 | ||
| 007 | t| | ||
| 008 | 050602s1963 sp ||||1| cat d | ||
| 100 | 1 |
_aLloveras, Gonçal ( _d1926-) _972939 |
|
| 245 | 1 | 0 |
_aMals pensaments a favor de l'home / _ctext Goncal Lloveras. |
| 260 |
_aBarcelona : _b[s.n.], _c1963 ( _fImp. Soutra) |
||
| 300 |
_a97 p., 25 lám. ; _c21 cm. |
||
| 852 |
_aES-MaACL _jG-9871 _bR.52540 |
||
| 999 |
_c95726 _d95726 |
||